Building for a future that's hot and wet (Record no. 69738)
[ view plain ]
| 000 -LEADER | |
|---|---|
| fixed length control field | 01209cam a2200217 4500 |
| 001 - CONTROL NUMBER | |
| control field | ABS65145 |
| 008 - FIXED-LENGTH DATA ELEMENTS--GENERAL INFORMATION | |
| fixed length control field | 020307n2002 000 0 eng u |
| 035 ## - SYSTEM CONTROL NUMBER | |
| System control number | (Sirsi) u117053 |
| 100 ## - MAIN ENTRY--PERSONAL NAME | |
| Personal name | Connor, S. |
| 245 ## - TITLE STATEMENT | |
| Title | Building for a future that's hot and wet |
| 260 ## - PUBLICATION, DISTRIBUTION, ETC. | |
| Date of publication, distribution, etc. | 2002 |
| 490 ## - SERIES STATEMENT | |
| Series statement | Green Futures |
| Volume/sequential designation | (32) January/February 2002, 36-39(4) |
| 520 ## - SUMMARY, ETC. | |
| Summary, etc. | Reflects on the fact that homes and offices are mainly designed for past climates, and they need to be updated for 21st-century weather. Warns that if buildings are not climate proofed, insurance will be harder to get, and property prices will fall. Key challenges highlighted include longer, drier summers reducing water supply, leading to subsidence, rising water tables and waterlogged soil causing flooding, and aging drainage system which cannot cope with more intense rainfall. Key solutions include avoiding building homes on flood plains, and developing more green areas in urban environments to soak up excess rainwater. |
| 590 ## - LOCAL NOTE (RLIN) | |
| Local note | ABS |
| 650 ## - SUBJECT ADDED ENTRY--TOPICAL TERM | |
| Topical term or geographic name entry element | WEATHER |
| 650 ## - SUBJECT ADDED ENTRY--TOPICAL TERM | |
| Topical term or geographic name entry element | URBAN ENVIRONMENT |
| 650 ## - SUBJECT ADDED ENTRY--TOPICAL TERM | |
| Topical term or geographic name entry element | RAINFALL |
| 650 ## - SUBJECT ADDED ENTRY--TOPICAL TERM | |
| Topical term or geographic name entry element | CLIMATE CONTROL |
| 690 ## - LOCAL SUBJECT ADDED ENTRY--TOPICAL TERM (OCLC, RLIN) | |
| Topical term or geographic name as entry element | ENVIRONMENTAL AND LAND CONSULTANCY-ENVIRONMENTAL MANAGEMENT |
| 942 ## - ADDED ENTRY ELEMENTS (KOHA) | |
| Suppress in OPAC | 0 |
| Withdrawn status | Lost status | Source of classification or shelving scheme | Damaged status | Not for loan | Home library | Current library | Shelving location | Date acquired | Total Checkouts | Full call number | Barcode | Date last seen | Copy number | Price effective from | Koha item type |
|---|---|---|---|---|---|---|---|---|---|---|---|---|---|---|---|
| Dewey Decimal Classification | London | London | Journal article | 07/03/2002 | ABS65145 | 117053-1001 | 06/08/2019 | 1 | 06/08/2019 | Journal article |